|
|
|
|
| LEADER |
00684nta a2200193 i 4500 |
| 001 |
dipl131481 |
| 005 |
20221121115937.0 |
| 008 |
221121s2012 hu om 0|| hun d |
| 040 |
|
|
|a SZTE Diploma Repozitórium
|b hun
|
| 041 |
|
|
|a hun
|
| 100 |
1 |
|
|a Palcsó Gergely László
|
| 245 |
1 |
0 |
|a Vagyonosodási vizsgálatok
|h [elektronikus dokumentum] /
|c Gergely László Palcsó
|
| 246 |
1 |
0 |
|a Wealth Gain Inspection
|h [elektronikus dokumentum]
|
| 260 |
|
|
|c 2012
|
| 650 |
|
4 |
|a Jogi és igazgatási tanulmányok
|
| 650 |
|
4 |
|a Social sciences
|
| 650 |
|
4 |
|a Law
|
| 700 |
1 |
|
|a Kampler Béla
|e ths
|
| 856 |
4 |
0 |
|u https://diploma.bibl.u-szeged.hu/id/eprint/131481/1/2012_palcso_gergely_laszlo.pdf
|z Dokumentum-elérés
|